Psicología industrial

Guardat en:
Dades bibliogràfiques
Autor principal: Schultz, Duane P (Autor)
Format: Llibre
Idioma:espanyol
Publicat: Ciudad de México McGraw Hill 1991
Matèries:
Etiquetes: Afegir etiqueta
Sense etiquetes, Sigues el primer a etiquetar aquest registre!

MARC

LEADER 00000nam a2200000 a 4500
001 UCO9025
003 CL-VaPUC
008 010119e19910000MX |||||||||||||||||spa|d
082 0 4 |a 158.7  |b SCH  |2 21 
100 0 |a Schultz, Duane P  |e author  |9 454109 
245 1 0 |a Psicología industrial 
300 |a 457 p 
942 |c BK 
945 |d 20010119 00:00:00  |a vberengu 
260 |a Ciudad de México  |b McGraw Hill  |c 1991 
650 0 |a Administración del personal  |9 260442 
650 0 |a Psicología aplicada   |9 270762 
650 7 |a SOCIOLOGIA INDUSTRIAL  |2 CL-VaPUC  |9 307184 
583 |a last modification  |c 20170406 04:03:20  |k Rodrigo Vera 
999 |c 293430  |d 293428 
952 |0 0  |1 0  |4 0  |6 158_700000000000000_SCH_1991  |7 0  |8 A  |9 344962  |a BIBMEC  |b BIBMEC  |d 2019-11-20  |i 3684970  |o 158.7 SCH 1991  |p 3684970  |r 2024-01-19  |w 2019-11-20  |y BK  |k MEC